RICS manual of estate agency law and practice (Record no. 108748)

MARC details
000 -LEADER
fixed length control field 01056cam a22002535a 4500
001 - CONTROL NUMBER
control field L145306
008 - FIXED-LENGTH DATA ELEMENTS--GENERAL INFORMATION
fixed length control field 080417s2008 xxk f 000 0 eng d
020 ## - INTERNATIONAL STANDARD BOOK NUMBER
International Standard Book Number 9781842191545
035 ## - SYSTEM CONTROL NUMBER
System control number (Sirsi) u145306
041 0# - LANGUAGE CODE
Language code of text/sound track or separate title eng
050 04 - LIBRARY OF CONGRESS CALL NUMBER
Classification number 333.33 $2 18
110 2# - MAIN ENTRY--CORPORATE NAME
Corporate name or jurisdiction name as entry element Royal Institution of Chartered Surveyors
9 (RLIN) 4900
245 00 - TITLE STATEMENT
Title RICS manual of estate agency law and practice
Remainder of title Update 12
-- September 2008
Medium [old edition]
250 ## - EDITION STATEMENT
Edition statement 2nd ed.
260 ## - PUBLICATION, DISTRIBUTION, ETC.
Place of publication, distribution, etc. London
Name of publisher, distributor, etc. RICS
Date of publication, distribution, etc. 2008
300 ## - PHYSICAL DESCRIPTION
Extent 1 update
Dimensions 30cm.
490 #0 - SERIES STATEMENT
Series statement RICS Manual of Estate Agency Law and Practice
Volume/sequential designation Update 12
490 #0 - SERIES STATEMENT
Series statement RICS Blue Book
520 ## - SUMMARY, ETC.
Summary, etc. [Note issued by RICS March 2010] This publication contains limited best practice for Commercial and Rural estate agents. It is no longer a live document and should be taken as best practice advice only, not official material. The Blue Book is valid for residential estate agency.
650 24 - SUBJECT ADDED ENTRY--TOPICAL TERM
Topical term or geographic name entry element RICS MANUAL OF ESTATE AGENCY LAW AND PRACTICE
651 #4 - SUBJECT ADDED ENTRY--GEOGRAPHIC NAME
Geographic name United Kingdom
690 ## - LOCAL SUBJECT ADDED ENTRY--TOPICAL TERM (OCLC, RLIN)
Topical term or geographic name as entry element PROPERTY-PROPERTY AGENCY
942 ## - ADDED ENTRY ELEMENTS (KOHA)
Suppress in OPAC 0
Source of classification or shelving scheme Dewey Decimal Classification
Holdings
Withdrawn status Lost status Source of classification or shelving scheme Damaged status Not for loan Home library Current library Shelving location Date acquired Total Checkouts Full call number Barcode Date last seen Copy number Price effective from Koha item type
    Dewey Decimal Classification     London London RICS Boxes 25/09/2008   RICS 2008/42 30076092 06/08/2019 1 06/08/2019 Archive
    Dewey Decimal Classification     London London RICS Boxes 05/05/2009   RICS 2008/42 30079697 06/08/2019 2 06/08/2019 Reference material